000 00976 a2200193 4500
003 Nust
005 20230214094539.0
010 _a54011547
040 _cNust
082 _a158,PEA
100 _aPeale, Norman Vincent,
_998914
245 _aThe power of positive thinking for young people /
_cNorman Vincent Peale,
260 _aPrentice-Hall
_bNew York,
_c1955
300 _avii,217 p.:
_billus
_c21 cm
505 _aTrust yourself (Page-1), Power Comes from a quiet Mind (Page-8), How to Pray (Page-34), You Make your own Happiness (Page-46), Stop Fuming and Fretting (Page-62), You Get What you Expect (Page-81), Be Winner (Page-100), Why Worry (Page-118), Ten Ways to solve your Problems (Page-129), What to do in Slump (Page-142), You are what you think (Page-154), Easy Does it (Page-169), You Like People People Like you (Page-185), Why not use that Higher Powers (Page-205).
600 _aPeale, Norman Vincent,
_998914
650 _aPsychology
942 _2ddc
_cBK
999 _c188510
_d188510